Nostalgia - Tate McRae Lyrics - Statistics

General Stats
  • This quiz has been taken 58 times
  • The average score is 202 of 325
Answer Stats
Answer % Correct
a
100%
an
100%
and
100%
been
100%
Daddy
100%
law
100%
school
100%
to
100%
we
100%
went
100%
the
93%
where
93%
could've
90%
I
90%
dream
87%
no
87%
now
87%
architect
83%
big
83%
day
83%
go
83%
time
83%
bite
80%
he's
80%
just
80%
my
80%
never
80%
ten
80%
wonders
80%
it
77%
might
77%
really
77%
sixty
77%
swear
77%
times
77%
turnin'
77%
god
73%
little
73%
said
73%
Tucker
73%
down
70%
got
70%
knew
70%
lot
70%
pray
70%
what
70%
for
67%
lose
67%
so
67%
took
67%
two
67%
as
63%
well
63%
anyway
60%
did
60%
ever
60%
feel
60%
ma
60%
would
60%
you
60%
every
53%
had
53%
half
53%
luck
53%
steps
53%
three
53%
tongue
53%
ahead
50%
beat
50%
eyes
50%
Ivies
50%
leave
50%
like
50%
man
50%
manifested
50%
of
50%
oh
50%
up
50%
wake
50%
know
47%
lately
47%
in
43%
thing
43%
'til
43%
everythin'
40%
feelin'
40%
nostalgia
40%
about
37%
close
37%
funny
37%
hit
37%
shit
37%
you're
37%
bathroom
33%
does
33%
show
33%
standing
33%
tounge
33%
was
33%
all
30%
didn't
30%
fast
30%
me
30%
mirror
30%
slow
30%
it's
27%
raised
27%
that
27%
wasn't
27%
guilt
23%
her
23%
kids
23%
that's
23%
ya
23%
break
20%
choice
20%
grow
20%
lost
20%
right
20%
she
20%
back
17%
drink
17%
regret
17%
heart
13%
leads
13%
mistakes
13%
stupid
13%
truckload
13%
trait
10%
No matching quizzes found
Score Distribution
Percent of People with Each Score
Percentile by Number Answered
Your Score History
You have not taken this quiz